| 000 | 01238nab a2200229 i 4500 | ||
|---|---|---|---|
| 001 | 768714001 | ||
| 003 | CO-MdFUSB | ||
| 005 | 20240717104314.0 | ||
| 008 | 240717t1953 ck ||||| |||| 00| 0 spa d | ||
| 040 |
_bspa _cCO-MdFUSB _dCO-MdFUSB |
||
| 041 | _aspa | ||
| 100 |
_aSicard, Ignacio, _eautor |
||
| 245 | 3 |
_aLa reforma de los religiosos intentada por Clemente VIII _c/ Ignacio Sicard, S. J. |
|
| 520 | _aEs reconocido que el Concilio de Trento inició las reformas más importantes que han sido seguidas por sucesivos papas y continúan teniendo un impacto positivo en todo el mundo. La reforma se centró en gran medida en la reestructuración y mejora de las comunidades religiosas, que fue impulsada por varios papas, entre los que destaca Clemente VIII. Por tanto esta es una investigación exhaustiva tanto del alcance como de las consecuencias de dicha reforma. | ||
| 650 | 7 |
_aReforma _9221 |
|
| 650 | 7 |
_aHermenéutica _9418 |
|
| 650 | 0 |
_aHistoria de la Iglesia _9153 |
|
| 653 | _aClemente VIII | ||
| 773 | 0 |
_070111 _982799 _dBogotá, Colombia : _oR2662 _tEcclesiastica Xaveriana _w(CO-MdFUSB)768714001 _gVolumen 3 (1953) páginas: 143 - 232 _qpágina: 143 |
|
| 942 | _cANA | ||
| 945 | _aCatherine Arias Álvarez - Practicante SENA | ||
| 999 |
_c70501 _d70501 |
||